000 00900nam a22002897a 4500
001 BR9403810
003 BR-BrBNA
005 20230928094232.0
007 ta
008 230509b bl.||||| |||| 00| 0 por d
040 _aBR-BrBNA
_bpor
_cBiblioteca Nacional de Agricultura
041 _a(Por)
072 _aL70
_b5212
090 _ 5212 BR9403810
100 1 _aFioravanti, M.C.S.
110 1 _aUniversidade Federal de Minas Gerais, Belo Horizonte (Brasil)Escola de Veterinaria
_0Tese (Mestrado)
245 1 _aEstudo comparativo entre os grampos de metal galvanizado e o fio de algodao na dermorrafia em bovinos
260 3 _aBelo Horizonte, MG (Brasil):
_c1992.
300 _a55 p.
500 _aBibliography p. 51-55 (66 ref.); Summary (Por)
650 _aBovino
650 _aPele
650 _aCirurgia
650 _aSutura
909 _a202309
_bLucia
_c55
_dLucia Elande
942 _cBK
999 _c49578
_d49578